| 000 | 00854cab a2200277 4500 | ||
|---|---|---|---|
| 001 | WB2807-04 | ||
| 008 | 090401t1992 xxu||||| |||| 00| 0 eng d | ||
| 035 | _a(Sirsi) u33097 | ||
| 041 | _aeng | ||
| 245 | _aDoE HQ to be demolished | ||
| 260 | _c1992 | ||
| 350 | _a0 | ||
| 490 |
_aDaily Telegraph _v8 February 1992, 5 |
||
| 490 |
_aDoE News Release _v(960) 6 February 1992 |
||
| 490 |
_aChartered Surveyor Weekly _v38 (6) 13 February 1992, 8 |
||
| 490 |
_aIndependent _v13 February 1992, 5 |
||
| 490 |
_aNew Builder _v13 February 1992, 6(5) |
||
| 520 | _aComments on plans to demolish the DOE Marsham Street HQ building. | ||
| 650 | _a1960S BUILDINGS | ||
| 650 | _aACID RAIN | ||
| 650 | _aPUBLIC BUILDING FRAME | ||
| 650 | _aSICK BUILDING SYNDROME | ||
| 690 | _aBUILT ENVIRONMENT-BUILDING PATHOLOGY | ||
| 942 | _n0 | ||
| 948 | _c04/03/1997 | ||
| 999 |
_c22123 _d22123 |
||